| 000 | 01148cem a2200265 a 4500 | ||
|---|---|---|---|
| 001 | 11895621 | ||
| 005 | 20250527120843.0 | ||
| 007 | ad|canzn | ||
| 008 | 000121s2001 nyu e 1 eng | ||
| 020 | _a019509168X (alk. paper) | ||
| 050 | 0 | 0 |
_aG1201.E4 _bN4 2001 |
| 082 | 0 | 0 |
_a200.973/022 _221 |
| 245 | 0 | 0 |
_aNew historical atlas of religion in America / _cEdwin Scott Gaustad and Philip L. Barlow ; with the special assistance of Richard W. Dishno. |
| 260 |
_aNew York : _bOxford University Press, _cc2001. |
||
| 300 |
_a1 atlas (xxiii, 435 p.) : _bcol. maps _c34 cm. |
||
| 500 | _aRev. ed. of: Historical atlas of religion in America / Edwin Scott Gaustad. c1976. | ||
| 500 | _aOne col. map foldout of "Denominational Predominance: 1990" in pocket. | ||
| 650 | 0 |
_aEcclesiastical geography _zUnited States _vMaps. |
|
| 700 | 1 |
_aGaustad, Edwin S. _q(Edwin Scott) |
|
| 700 | 1 | _aBarlow, Philip L. | |
| 700 | 1 | _aDishno, Richard W. | |
| 700 | 1 |
_aGaustad, Edwin S. _q(Edwin Scott). _tHistorical atlas of religion in America. |
|
| 856 | 4 | 2 |
_3Publisher description _uhttp://www.loc.gov/catdir/enhancements/fy0610/00030001-d.html |
| 942 |
_2lcc _cBK _n0 |
||
| 999 |
_c5998 _d5998 |
||